000 00554nam a2200169 a 4500
005 20140412111349.0
008 050421s19uu xx 00 eng d
020 _a0-570-07541-6
050 _aER
_bJo69 1998
100 _aFletcher, Sarah
245 _aJonah and the very big fish :
_bthe book of Jonah for children /
_cwritten by Sarah Fletcher ; illustrated by chad Frye.
260 _aSt. Louis, MO :
_bConcordia Publishing House,
_c1998.
300 _a1 v. (unp.) ; ill.
650 _aBible stories
650 _aChildren stories
999 _c105288
_d105288